| 000 | 00910nam a22003137a 4500 | ||
|---|---|---|---|
| 001 | 0053186 | ||
| 003 | KOHA_MİRAKIL | ||
| 005 | 20260207003910.0 | ||
| 007 | ta | ||
| 008 | 150629b2013 tu |||gr||||#||||0|tur | | ||
| 020 | _a9786058602106 | ||
| 040 |
_aTR-BiSEU _btur _cTR-BiSEU _erda |
||
| 041 | 0 | _atur | |
| 044 | _ctu | ||
| 050 |
_aJC337 _b.S25 2013 |
||
| 100 | 1 | _aSalmış, Ferman . | |
| 245 | 1 |
_a21. Yüzyıl sivil toplumun şafağı/ _cFerman Salmış ; Ferman Salmış. |
|
| 264 | 1 |
_aİstanbul : _bYeniakım _c2013 |
|
| 300 | _a480 sayfa; 23 cm. | ||
| 336 |
_ametin _btxt _2rdacontent |
||
| 337 |
_aaracısız _bn _2rdamedia |
||
| 338 |
_acilt _bnc _2rdacarrier |
||
| 500 | _aKaynakça var. | ||
| 650 | 0 |
_aCivil society. _99078 |
|
| 650 | 0 |
_aCivil society--History. _999463 |
|
| 650 | 0 |
_aCivil society --Turkey. _998205 |
|
| 650 | 0 |
_aDemocracy--Social aspects. _999464 |
|
| 942 |
_2lcc _cBK |
||
| 999 |
_c52996 _d52996 |
||